Conférences sur l'administration et le droit administratif

সংরক্ষণ করুন:
গ্রন্থ-পঞ্জীর বিবরন
প্রধান লেখক: Aucoc, Léon (Author)
বিন্যাস: গ্রন্থ
ভাষা:ফরাসি
প্রকাশিত: París C. Dunod 1886
সংস্করন:3a. ed
বিষয়গুলি:
ট্যাগগুলো: ট্যাগ যুক্ত করুন
কোনো ট্যাগ নেই, প্রথমজন হিসাবে ট্যাগ করুন!

MARC

LEADER 00000nam a2200000 a 4500
001 UCS0425
003 CL-VaPUC
008 970426e18860000FR |||||||||||||||||fre|d
082 0 4 |a 342.06  |b AUC  |2 21 
100 0 |a Aucoc, Léon  |e author  |9 383898 
245 1 0 |a Conférences sur l'administration et le droit administratif 
250 |a 3a. ed 
300 |a v 
942 |c BK 
945 |d 19970426 00:00:00  |a cmena 
260 |a París  |b C. Dunod  |c 1886 
500 |a v.2: Règles générales relatives a l'exécution des travaux publics, service des ponts et chaussées, finances publiques, marchés et concessions, dommages, expropiation, plus-values, associations syndicales 
650 0 |a Derecho administrativo  |9 254851 
650 0 |a Administración pública   |9 255343 
650 0 |a Responsabilidad administrativa  |9 256129 
650 0 |a Propiedad privada  |9 257919 
650 7 |a RESPONSABILIDAD CIVIL  |2 CL-VaPUC  |9 383899 
650 7 |a PROPIEDAD FISCAL  |2 CL-VaPUC  |9 383900 
650 7 |a EXPROPIACION  |2 CL-VaPUC  |9 360440 
650 0 |a Sindicatos  |9 255034 
651 0 |a Francia  |9 255157 
583 |a last modification  |c 19970426 00:00:00  |k Rodrigo Vera 
999 |c 258653  |d 258651 
952 |0 0  |1 0  |4 0  |6 342_060000000000000_AUC_1886  |7 0  |8 X  |9 282907  |a BIBDER  |b BIBDER  |d 2019-11-19  |h v.2  |i 1837249  |o 342.06 AUC 1886  |p 1837249  |r 2023-01-25  |w 2019-11-19  |y BK_X  |k DER